Most Guessed Country Flag-Shapes - One Minute Sprint - Statistics

General Stats
  • This quiz has been taken 742 times
  • The average score is 32 of 50
Answer Stats
Picture Hint Answer % Correct
100% Australia
100%
97% Canada
99%
99% China
99%
96% France
99%
93% India
99%
99% United Kingdom
99%
99% United States
99%
95% Greece
98%
93% Italy
98%
92% Germany
97%
94% Norway
97%
94% Iceland
96%
93% New Zealand
95%
91% Spain
95%
91% Denmark
94%
92% Chile
93%
91% Turkey
93%
90% Mexico
91%
90% Russia
91%
91% Vietnam
89%
89% Argentina
87%
89% Jamaica
86%
89% Japan
79%
89% Switzerland
79%
88% Croatia
77%
88% Ukraine
74%
87% Brazil
72%
87% Indonesia
65%
87% Israel
64%
87% Portugal
58%
87% Sweden
54%
86% Cuba
52%
85% North Korea
48%
84% Bangladesh
44%
84% Belgium
42%
84% Ireland
39%
84% Pakistan
36%
83% Austria
32%
83% Estonia
29%
83% Malaysia
26%
83% Philippines
23%
83% South Africa
20%
83% Thailand
19%
82% Cyprus
18%
82% Finland
14%
82% Kazakhstan
13%
79% Iran
12%
82% Panama
12%
79% Poland
11%
77% Colombia
9%
No matching quizzes found
Score Distribution
Percent of People with Each Score
Percentile by Number Answered
Your Score History
You have not taken this quiz